| 000 | 02643cab a2200745 4500 | ||
|---|---|---|---|
| 001 | ABS49332 | ||
| 008 | 090401t1993 xxu||||| |||| 00| 0 eng d | ||
| 035 | _a(Sirsi) u70941 | ||
| 041 | _aeng | ||
| 100 | _aLuba, J. | ||
| 245 | _aRecent developments in housing law | ||
| 260 | _c1993 | ||
| 350 | _a0 | ||
| 490 |
_aLegal Action _vSeptember 1993, 12-17(6) |
||
| 520 | _aReviews recent developments in housing law including Leasehold Reform Housing and Urban Development Act 1993, security of tenure, loss of secure status, emergency applications, homelessness, priority need and duty to accommodate. Refers to case law. | ||
| 650 | _aASHFORD V ADAMS | ||
| 650 | _aASYLUMS AND IMMIGRATION APPEALS ACT 1993 | ||
| 650 | _aBIRMINGHAM CC V MRS C | ||
| 650 | _aCAMDEN LBC V WITTEN AND WITTEN | ||
| 650 | _aCONNAUGHT RESTAURANTS LTD V INDOOR LEISURE LTD | ||
| 650 | _aCOOK V HORFORD INVESTMENT LTD V MOHAMMED TAJ | ||
| 650 | _aCROYDON LBC V JUDD | ||
| 650 | _aDAME MARGARET HUNGERFORD CHARITY TRUSTEES V BEAZELEY | ||
| 650 | _aELVIDGE V COVENTRY CC | ||
| 650 | _aFLANAGAN AND SUAREX ALAVAREZ V MALTBY | ||
| 650 | _aGREENWICH LBC V JAFFERY | ||
| 650 | _aHIGHAM AND HIGHAM V LIVERPOOL CC | ||
| 650 | _aHOMELESSNESS | ||
| 650 | _aHUSSEIN V MEHMAN | ||
| 650 | _aIPSWICH CC V PEGG | ||
| 650 | _aISLINGTON LBC V HARRIDGE | ||
| 650 | _aKIRKHAM V MASON | ||
| 650 | _aLAMBETH LBC V MCQUIGAN | ||
| 650 | _aLEASEHOLD REFORM, HOUSING AND URBAN DEVELOPMENT ACT 1993 | ||
| 650 | _aLEICESTER CC V X AND X | ||
| 650 | _aLOMAS V ATKINSON | ||
| 650 | _aMANCHESTER CC V HYDE | ||
| 650 | _aMANGAN V KINCAIDE | ||
| 650 | _aMCLAUGHLIN V LEITH | ||
| 650 | _aPETERBOROUGH CC V MORAN | ||
| 650 | _aPOOLE BC V CARRUTHERS | ||
| 650 | _aR V BARNET LBC EX P RUGHOOPUTH | ||
| 650 | _aR V BRENT LBC EX P AWUA | ||
| 650 | _aR V BRENT LBC EX P MACWAN | ||
| 650 | _aR V BRENT LBC EX P MCMANUS | ||
| 650 | _aR V GREENWICH LBC EX P PATTERSON | ||
| 650 | _aR V ISLINGTON LBC EX P TRAIL | ||
| 650 | _aR V MITCHELL | ||
| 650 | _aR V NORTHAVON DC EX P SMITH | ||
| 650 | _aR V SHREWSBURY AND ATCHAM BC EX P GRIFFITHS | ||
| 650 | _aR V SUTTON LBC EX P HOBBS | ||
| 650 | _aR V TOWER HAMLETS LBC EX P HOQUE | ||
| 650 | _aR V WANDSWORTH LBC EX P OTENG | ||
| 650 | _aR V WESTMINSTER LBC EX P AUGUSTIN | ||
| 650 | _aR V WESTMINSTER LBC EX P REID | ||
| 650 | _aRAMSAY V LEWIS | ||
| 650 | _aREID V SINCLAIR | ||
| 650 | _aROCHDALE CC V WORRAL | ||
| 650 | _aSOUTHWARK LBC V ADKINS | ||
| 650 | _aWESTMINSTER CC V MATONDO | ||
| 690 | _aHOUSING | ||
| 700 | _aMadge, N. | ||
| 942 | _n0 | ||
| 948 | _c04/03/1997 | ||
| 999 |
_c44693 _d44693 |
||